Statistics for Common Currency

Click here to take the quiz!

General Stats

  • This quiz has been taken 39 times
    (7 since last reset)
  • The average score is 32 of 61

Answer Stats

HintAnswer% Correct
Portugal
100%
Spain
100%
Andorra
83%
Belgium
83%
France
83%
Germany
83%
Ireland
83%
Monaco
83%
Netherlands
83%
San Marino
83%
Vatican City
83%
Croatia
67%
Finland
67%
Greece
67%
Italy
67%
Latvia
67%
Luxembourg
67%
Malta
67%
Slovakia
67%
Slovenia
67%
Togo
67%
Antigua and Barbuda
50%
Austria
50%
West African CFA FrancBenin
50%
Central African CFA FrancCameroon
50%
Chad
50%
Netherlands Antillean GuilderCuraçao
50%
Cyprus
50%
Dominica
50%
Estonia
50%
French Guiana
50%
Gabon
50%
Grenada
50%
Kosovo
50%
Lithuania
50%
Niger
50%
Saint Kitts and Nevis
50%
Saint Lucia
50%
Saint Vincent and The Grenadines
50%
Senegal
50%
East Caribbean DollarAnguilla
33%
Burkina Faso
33%
Central African Republic
33%
Wallis and Futuna
33%
Equatorial Guinea
33%
CFP FrancFrench Polynesia
33%
Guadeloupe
33%
Guinea-Bissau
33%
Ivory Coast
33%
Mali
33%
Martinique
33%
Montenegro
33%
Montserrat
33%
New Caledonia
33%
Republic of Congo
33%
Saint Martin
33%
Saint Pierre and Miquelon
33%
Sint Maarten
33%
EuroAkrotiri and Dhekelia
17%
Saint Barthélemy
17%
French Southern and Antarctic Lands
0%

Score Distribution

Percentile by Number Answered

Percent of People with Each Score

Your Score History

You have not taken this quiz since the last reset